000
00332nam a22001577a 4500
003
UA-OsUOA
001
1678
007
ta
008
20050721b un ||||| |||| 00| 0 ukr d
100
_a
James Carroll
942
_c
BK
040
_a
UA-OsUOA
_c
UA-OsUOA
_d
UA-OsUOA
245
_a
Mortal Friends
_b
Fiction
955
_a
2
650
7
_2
UDC
999
_c
287840
_d
287840